000 00440nam a2200181Ia 4500
001 24169
005 20260414151025.0
008 260414t2017||||xx |||||||||||||| ||spa||
041 _aESP
082 _a791.430985
_bK463
100 _aKogan, Liuba
_eAUT
245 0 _aEl Perú desde el cine :
_bplano contra plano
260 _c2017
300 _a226 páginas :
_c20 cm.
650 _aABD
654 _aCAU
942 _cLIB
_dJUS
_fJUS
_2ddc
_n
999 _c24169
_d24169